| 000 | 00590nam a22001697a 4500 | ||
|---|---|---|---|
| 999 |
_c15067 _d15067 |
||
| 003 | OSt | ||
| 082 | _2631.56 ANU/MO | ||
| 088 | _aP 25 | ||
| 100 |
_aANU VARGHESE _aNANCY K. VARGHESE _92468 |
||
| 245 | _aModification and performance evaluation of KAU low cost paddy thresher | ||
| 260 |
_aTavanur 1993 _bKelappaji College of Agricultural Engineering and Technology |
||
| 300 | _a40 | ||
| 500 | _aModification and performance evaluation of KAU low cost paddy thresher | ||
| 520 | _apaddy cultivation. KAU product. paddy thresher | ||
| 700 |
_aEr. George Mathew (Guide) _92176 |
||
| 942 | _cPR | ||